| 000 -LEADER |
| fixed length control field |
00662nam a2200217Ia 4500 |
| 001 - CONTROL NUMBER |
| control field |
2941 |
| 003 - CONTROL NUMBER IDENTIFIER |
| control field |
GE_BSU |
| 008 - FIXED-LENGTH DATA ELEMENTS--GENERAL INFORMATION |
| fixed length control field |
181216s||||||||xx |||||||||||||| ||und|| |
| 040 ## - CATALOGING SOURCE |
| Transcribing agency |
GE_BSU |
| 080 ## - UNIVERSAL DECIMAL CLASSIFICATION NUMBER |
| Universal Decimal Classification number |
665.6 |
| 100 ## - MAIN ENTRY--PERSONAL NAME |
| Personal name |
Гольдштейн,Р. |
| 245 ## - TITLE STATEMENT |
| Title |
Химическая переработка нефти. |
| 245 ## - TITLE STATEMENT |
| Statement of responsibility, etc. |
под ред. В.И.Исагулянца; Ред.Н.А.Оганджанова. |
| 250 ## - EDITION STATEMENT |
| Edition statement |
Перевод с. англ.Н.С.Дабагова. |
| 260 ## - PUBLICATION, DISTRIBUTION, ETC. |
| Place of publication, distribution, etc. |
М. |
| 260 ## - PUBLICATION, DISTRIBUTION, ETC. |
| Name of publisher, distributor, etc. |
Изд-во иностранной литератури. |
| 260 ## - PUBLICATION, DISTRIBUTION, ETC. |
| Date of publication, distribution, etc. |
1952. |
| 300 ## - PHYSICAL DESCRIPTION |
| Extent |
400стр.26см. |
| 653 ## - INDEX TERM--UNCONTROLLED |
| Uncontrolled term |
Химия. |
| 942 ## - ADDED ENTRY ELEMENTS (KOHA) |
| Koha item type |
წიგნი |